000 01638nam a22003857a 4500
003 CHAP
005 20220329143843.0
008 120201s2011 mx r 00010 spa d
010 _a102801
011 _a103773
035 _a114462
040 _cCHAP
090 _aTesis
100 1 _aGómez Vázquez, Gerardo de Jesús.
_949939
245 1 0 _aDiseño de una máquina para la producción de biofertilizantes a partir de la cachaza de caña de azúcar (Saccharum officinarum)
_h[En línea]
_c/por Gerardo de Jesús Gómez Vázquez y Mario Mancilla Hernández
260 _aChapingo, Méx. :
_bEl autor,
_c2011
500 _aPara ver el contenido del material haga clic en la liga
502 _aTesis (Ing. en Mecánico Agrícola) -- UACH. Departamento de Ingeniería Mecánico Agricola
590 _aALEPH
_b10
_c20130110
_lUCH01
_h1544
590 _aBATCH-UPD
_b10
_c20130110
_lUCH01
_h1534
590 _aBATCH-UPD
_b10
_c20130410
_lUCH01
_h0939
590 _aBATCH-UPD
_b10
_c20130914
_lUCH01
_h0642
590 _aBATCH-UPD
_b10
_c20140324
_lUCH01
_h1530
590 _aBATCH-UPD
_b10
_c20141002
_lUCH01
_h0853
590 _aCONVERSION
_b10
_c20130109
_lUCH01
_h1357
650 1 4 _aBiofertilizantes.
_912734
650 1 4 _aCaña de azúcar
_xSubproductos.
_918648
650 1 4 _aMaquinaria agrícola
_xDiseño.
_971168
700 1 _aMancilla Hernández, Mario.
_970315
856 _3Finding aid
_uhttp://10.13.5.2/tesis/114462.pdf
_zTeclea aqui
901 _aBK
942 _cFOLL
949 _aTesis
_bBC
_cTES
_d33724002321850
_eTS1
_gDonaciØn
_h53346
_i114462
_st
949 _aTesis
_bBC
_cTES
_d33724002321892
_eTS2
_fc.2
_gDonaciØn
_h53347
_i114462
_st
999 _c102801
_d102801